Statistics for Europe Countries by Picture Easy Version

Click here to take the quiz!

General Stats

  • This quiz has been taken 36 times
  • The average score is 12 of 20

Answer Stats

Answer% Correct
France
96%
Iceland
96%
Italy
92%
Netherlands
92%
Russia
88%
Denmark
84%
Germany
84%
Greece
84%
Spain
84%
Switzerland
80%
Turkey
80%
Belgium
52%
Sweden
52%
Finland
40%
Poland
36%
Portugal
36%
Romania
32%
Norway
24%
Bulgaria
8%
Ukraine
8%

Score Distribution

Percentile by Number Answered

Percent of People with Each Score

Your Score History

You have not taken this quiz